Estadísticas para Convocados selección argentina 2014

Haz click aquí para intentar la prueba.

Estadísticas generales

  • Esta prueba ha sido intentada 347 veces
  • La puntuación promedio es 16 de 23

Estadísticas de respuestas

NumeroJugador% Correcto
10Lionel Messi
100%
1Sergio Romero
97%
7Ángel Di María
94%
9Gonzalo Higuaín
94%
20Sergio Agüero
94%
14Javier Mascherano
90%
16Marcos Rojo
81%
22Ezequiel Lavezzi
75%
4Pablo Zabaleta
72%
18Rodrigo Palacio
69%
6Lucas Biglia
68%
8Enzo Pérez
67%
2Ezequiel Garay
67%
15Martín Demichelis
65%
11Maximiliano Rodríguez
64%
5Fernando Gago
59%
21Mariano Andújar
59%
17Federico Fernández
58%
13Augusto Fernández
57%
12Agustín Orion
56%
3Hugo Campagnaro
38%
23José Basanta
35%
19Ricardo Álvarez
30%

Distribución de puntuación

Porcentaje por número respondido

Porcentaje de gente con cada puntuación

Historial de tus puntuaciones

No has intentado esta prueba.